| 000 | 00847nam a2200241 i 4500 | ||
|---|---|---|---|
| 001 | 135335 | ||
| 003 | ES-MaACL | ||
| 005 | 20250730155723.0 | ||
| 007 | t| | ||
| 008 | 070716s1967 sp |||| | spa d | ||
| 080 | _a946"1814/33" | ||
| 080 | _a946.71"18" | ||
| 100 | 1 |
_aTorras Elías, Jaime. _9110724 |
|
| 245 | 1 | 3 |
_aLa guerra de los agraviados / _cJaime Torras Elías ; prólogo de Carlos Seco Serrano. |
| 260 |
_aBarcelona : _bUniversidad, Facultad de Filosofía y Letras, _c1967. |
||
| 300 |
_aXXI, 216 p. ; _c22 cm. |
||
| 651 | 4 |
_aEspaña- _xHistoria- _y1814-1833, Fernando VII _98248 |
|
| 651 | 4 |
_aCataluña- _xHistoria. _98013 |
|
| 700 | 1 |
_aSeco Serrano, Carlos, _d1923-2020 _9105054 |
|
| 710 | 2 |
_aUniversidad de Barcelona. _bFacultad de Filosofía y Letras. _97149 |
|
| 852 |
_aES-MaACL _jE-9499 |
||
| 999 |
_c135335 _d135335 |
||